| 000 | 00397nam a2200145Ia 4500 | ||
|---|---|---|---|
| 008 | 240624s9999 xx 000 0 und d | ||
| 041 | _aeng | ||
| 082 | _a346.41 ASH | ||
| 100 | _aASHTON HELEN | ||
| 245 | _aCOMPANY SECRETARY S HANDBOOK A GUIDE TO | ||
| 250 | _a(3rd ed.) | ||
| 260 |
_c2004 _aNew Delhi _bKogan Page India Private limited |
||
| 300 | _avi, : 164 : p. : cm. ; 23 | ||
| 365 |
_cRS _b33 |
||
| 999 |
_c10798 _d10798 |
||